Water Quality Modeling That Works (Record no. 365321)

MARC details
000 -LEADER
fixed length control field 00350 a2200145 4500
005 - DATE AND TIME OF LATEST TRANSACTION
control field 20250603151541.0
008 - FIXED-LENGTH DATA ELEMENTS--GENERAL INFORMATION
fixed length control field 250603b |||||||| |||| 00| 0 eng d
020 ## - INTERNATIONAL STANDARD BOOK NUMBER
International Standard Book Number 9783030904821
041 ## - LANGUAGE CODE
Language code of text/sound track or separate title English
100 ## - MAIN ENTRY--PERSONAL NAME
Author Seng Lung W.
245 ## - TITLE STATEMENT
Title Water Quality Modeling That Works
260 ## - PUBLICATION, DISTRIBUTION, ETC.
Name of publisher, distributor, etc. Springer
Date of publication, distribution, etc. 2022
300 ## - PHYSICAL DESCRIPTION
Extent 308
942 ## - ADDED ENTRY ELEMENTS (KOHA)
Koha item type Books
Holdings
Withdrawn status Lost status Source of classification or shelving scheme Reference No Damaged status Not for loan Home library Current library Date acquired Vendor Net Price Full call number Barcode Date last seen Actual Price Bill Date Koha item type
    Dewey Decimal Classification Ref 458 G (68392)   Reference Cummins College of Engineering for Women Pune Cummins College of Engineering for Women Pune 06/03/2025 155 9086.30 363.7394 LUN CCEP-BK-68392 06/03/2025 12115.07 06/03/2025 Books